| 000 | 01358nam a2200349 a 4500 | ||
|---|---|---|---|
| 001 | 000113925 | ||
| 003 | CHAP | ||
| 005 | 20220329144419.0 | ||
| 008 | 171009s2017 mx sm |||||||spa d | ||
| 010 | _a110386 | ||
| 011 | _a111358 | ||
| 040 | _cCHAP | ||
| 090 | _aTesis | ||
| 100 | 1 |
_aGuerrero Rojas, Gadiel _9133703 |
|
| 245 | 1 | 0 |
_aDesarrollo de un software para la conservación y mantenimiento de la infraestructura hidroagrícola de un módulo de riego _h[En línea] _cGadiel Guerrero Rojas. |
| 260 |
_aChapingo, Méx. : _bEl autor, _c2017. |
||
| 500 | _aPara ver el contenido del material haga clic en la liga | ||
| 502 | _aTesis (Ing. Mecánico Agrícola) -- UACH. Departamento de Ingeniería Mecánia Agrícola | ||
| 590 |
_aBATCH-UPD _b05 _c20171009 _lUCH01 _h1023 |
||
| 590 |
_aBATCH-UPD _b10 _c20171016 _lUCH01 _h1111 |
||
| 590 |
_aE11695DGD _b10 _c20171016 _lUCH01 _h1110 |
||
| 590 |
_aE6337LMJ _b05 _c20171009 _lUCH01 _h1022 |
||
| 590 |
_aE6337LMJ _b05 _c20171009 _lUCH01 _h1022 |
||
| 650 | 1 | 4 |
_aAgua para irrigación _xAdministración. _9133697 |
| 650 | 1 | 4 |
_aAgua para irrigación _xSistemas operativos. _9133696 |
| 650 | 1 | 4 |
_aAgua _xAprovechamiento. _92282 |
| 700 | 1 |
_aJuárez Márquez, Adolfo Emmanuel _9133704 |
|
| 856 |
_aFinding aid _uhttp://10.13.5.2/tesis/sist113925.pdf _zTeclea aquí |
||
| 901 | _aBK | ||
| 942 | _cTESIS | ||
| 942 | _n0 | ||
| 999 |
_c110386 _d110386 |
||